00482nam a2200157Ia 4500003000900000008004100009040001600050080001600066100002100082245010600103260003500209300001400244650002500258650002200283650001900305IN-BaIIA211028s9999 xx 000 0 eng d cIIA Library a539.29bROB aRoberts, John D. 0aNotes on molecular orbital calculationscJohn D. Roberts  aNew YorkbW. A. Benjaminc1962 aix, 156p. aMolecular collisions aMolecular physics aNASA Thesaurus